Sports Quiz

Random Sports Quiz
Score 0/10 Timer 02:00
0 Plays Today
Started Team % Correct
1950Ferrari
98.5%
1966McLaren
98.5%
2005Red Bull
97.6%
1977Renault
96.7%
2009Brawn GP
95.8%
2008Force India
90.4%
1975BMW Sauber
90.1%
1975Williams
89.2%
2002Toyota
88.6%
2006Toro Rosso
86.5%

You're not logged in!

Compare scores with friends on all Sporcle quizzes.
OR
Log In

Sporcle TV

Today on Sporcle TV


Watch our educational content, quiz creation guides, and fun videos on Sporcle TV.

Show Comments

Extras

Created Sep 23, 2009SourceReportNominate
Tags:2009, Driver, F1 Teams, Started, team

Top Quizzes Today


Score Distribution

Paid Content

Your Account Isn't Verified!

In order to create a playlist on Sporcle, you need to verify the email address you used during registration. Go to your Sporcle Settings to finish the process.

Report this User

Report this user for behavior that violates our Community Guidelines.

Details: